000 00508nam a2200181Ia 4500
005 20250326125454.0
008 250326s9999 xx 000 0 und d
037 _aTextbook
040 _aFMSL
_beng
_cFMSL
041 _aeng
_2eng
084 _aY:4 K4
_qFMSL
100 _aEtzioni A
_9736469
245 0 _aSocial change: sources, patterns, and consequences
_cEtzioni A; Etzioni E
260 _aNY
_bNY, Basic Books
_c1964
300 _a503p
942 _cTB
_hY:4 K4
999 _c1278214
_d1278214